000 00692nam a22002417a 4500
003 OSt
005 20220107122721.0
008 130821b xxu||||| |||| 00| 0 eng d
020 _a9781439819135
040 _cIIITM-K
082 0 0 _a577.550285R PLA/S
100 1 _aPlant, Richard E
_92004
245 1 0 _aSpatial data analysis in ecology and agriculture using R
_cby Richard E. Plant
260 _aBoca Raton,
_bCRC Press,
_c2012.
300 _axv, 631p.
650 0 _aCOMPUTER SCIENCE
_92005
650 0 _aECOLOGY
_92006
650 0 _aAGRICULTURE
_92007
650 0 _aSTATISTICS
_92008
650 0 _aSPATIAL ANALYSIS
_92009
650 0 _aR PROGRAMMING LANGUAGE
_92010
942 _2ddc
_cBK
999 _c3270
_d3270